| 000 | 00475cam a2200181ua 4500 | ||
|---|---|---|---|
| 041 |
_aeng _h |
||
| 082 |
_a612.110222 _bBLA/AT |
||
| 100 | _aBlackfan, Kenneth D . | ||
| 245 |
_aAtlas of the blood in children / _cKenneth D Blackfan. _hTextual Documents |
||
| 250 |
_a1 / _b. |
||
| 260 |
_aNewyork : _bThe CommonWealth fund , _c1948. |
||
| 300 | _a320 ; . | ||
| 500 | _a** Reference | ||
| 504 | _a | ||
| 700 | 1 | _aDiamond, Louis K . | |
| 942 | _cBK | ||
| 999 |
_c8049 _d8049 |
||